000 00523nam a2200181Ia 4500
005 20250326140644.0
008 250326s9999 xx 000 0 und d
037 _aTextbook
040 _aFMSL
_beng
_cFMSL
041 _aeng
_2eng
084 _aX:89ZB P0
_qFMSL
100 _aDale R
_9742045
245 0 _aOrganizations and development: strategic, structures and processes
_cDale R
260 _aNew Delhi
_bNew Delhi, Sage
_c2000
300 _a255p
942 _cTB
_hX:89ZB P0
999 _c1286755
_d1286755